Kumararama sangatya sangraha: (Record no. 141180)
[ view plain ]
| 000 -LEADER | |
|---|---|
| fixed length control field | 00558nam a2200181Ia 4500 |
| 003 - CONTROL NUMBER IDENTIFIER | |
| control field | OSt |
| 005 - DATE AND TIME OF LATEST TRANSACTION | |
| control field | 20251118163145.0 |
| 008 - FIXED-LENGTH DATA ELEMENTS--GENERAL INFORMATION | |
| fixed length control field | 210210b1960 xxu||||| |||| 00| 0 eng d |
| 040 ## - CATALOGING SOURCE | |
| Transcribing agency | AL |
| 041 ## - LANGUAGE CODE | |
| Language code of text/sound track or separate title | kan |
| 082 ## - DEWEY DECIMAL CLASSIFICATION NUMBER | |
| Classification number | 851/32 |
| 100 ## - MAIN ENTRY--PERSONAL NAME | |
| Personal name | ANANTARANGACHAR (S) Ed |
| 9 (RLIN) | 158989 |
| Dates associated with a name | ಅನಂತರಂಗಚಾರ್ (ಎಸ್) |
| 245 ## - TITLE STATEMENT | |
| Title | Kumararama sangatya sangraha: |
| Remainder of title | ಕುಮಾರರಾಮ ಸಾಹಿತ್ಯ ಸಂಗ್ರಹ |
| 260 ## - PUBLICATION, DISTRIBUTION, ETC. | |
| Place of publication, distribution, etc. | Maisuru |
| Name of publisher, distributor, etc. | Sharada Mandira |
| Date of publication, distribution, etc. | 1960 |
| 690 ## - LOCAL SUBJECT ADDED ENTRY--TOPICAL TERM (OCLC, RLIN) | |
| Topical term or geographic name as entry element | Kannada Poetry |
| 9 (RLIN) | 158990 |
| 906 ## - LOCAL DATA ELEMENT F, LDF (RLIN) | |
| a | 018049 |
| 942 ## - ADDED ENTRY ELEMENTS (KOHA) | |
| Source of classification or shelving scheme | Dewey Decimal Classification |
| Koha item type | Book |
| Withdrawn status | Lost status | Source of classification or shelving scheme | Damaged status | Not for loan | Collection code | Home library | Current library | Shelving location | Date acquired | Cost, normal purchase price | Total Checkouts | Full call number | Barcode | Date last seen | Price effective from | Koha item type |
|---|---|---|---|---|---|---|---|---|---|---|---|---|---|---|---|---|
| Dewey Decimal Classification | Kannada | St Aloysius Library | St Aloysius Library | 02/17/2021 | 0.00 | 851/32 | 018049 | 02/17/2021 | 02/17/2021 | Book |